| 000 | 00646nam a2200205 i 4500 | ||
|---|---|---|---|
| 001 | 13317 | ||
| 003 | ES-MaACL | ||
| 005 | 20250814085651.0 | ||
| 007 | t| | ||
| 008 | 980202s1997 sp ||||1| spa d | ||
| 080 | _a791.43 | ||
| 111 | 2 |
_aSemana de Cine Experimental de Madrid ( _n7ª. _d1997) _9989 |
|
| 245 | 1 | 0 |
_a7ª Semana de Cine Experimental de Madrid _b: cines Renoir-Cuatro Caminos : 4 al 11 de noviembre de 1997. |
| 260 |
_a[Madrid : _bs.n., _c1997] |
||
| 300 |
_a97 p. : _bil. ; _c30 cm. |
||
| 500 | _aDatos tomados de cub. | ||
| 650 | 1 | 7 |
_aCine experimental _2embne _9143909 |
| 852 |
_aES-MaACL _jL-20670 |
||
| 999 |
_c13317 _d13317 |
||